| 000 | 00628nam a2200193 a 4500 | ||
|---|---|---|---|
| 001 | 000036851 | ||
| 005 | 20200930075957.0 | ||
| 008 | 120202s1972 ag 000 0 spa d | ||
| 040 |
_aDO-SdBNP _bspa _cBNPHU |
||
| 082 |
_axxxx _bxxxx |
||
| 100 | 1 |
_aMann, Horace _963201 |
|
| 245 | 1 | 3 |
_aLa crisis de la educación / _cHorace Mann ; textos seleccionados e introducción de Louis Filler. |
| 260 |
_aBuenos Aires, : _bPaidos, _c1972. |
||
| 300 |
_a307 p. ; _c20 cm. |
||
| 490 | 1 |
_aBiblioteca del educador contemporaneo _v21 |
|
| 490 | 1 | _aMayor | |
| 830 | 0 |
_aBiblioteca del educador contemporaneo _n21 _963202 |
|
| 830 | 0 |
_aMayor _914111 |
|
| 999 |
_c36342 _d36342 |
||